Les caves cooperatives de vinification en Bourgogne amisi que dans les autres regions de la France et treize pays etrangers / (Record no. 44808)

MARC details
000 -LEADER
campo de control de longitud fija 00596nam a2200169 i 4500
001 - NÚMERO DE CONTROL
campo de control 44808
003 - IDENTIFICADOR DE NÚMERO DE CONTROL
campo de control ES-MaACL
005 - FECHA Y HORA DE LA ÚLTIMA TRANSACCIÓN
campo de control 20230906161110.0
007 - CAMPO FIJO DE DESCRIPCIÓN FÍSICA--INFORMACIÓN GENERAL
campo de control de longitud fija t|
008 - DATOS DE LONGITUD FIJA--INFORMACIÓN GENERAL
campo de control de longitud fija 030324s1931 fr ||||1| fre d
100 1# - ENTRADA PRINCIPAL--NOMBRE DE PERSONA
Nombre de persona Clique, Hubert.
9 (RLIN) 39271
245 14 - MENCIÓN DEL TÍTULO
Título Les caves cooperatives de vinification en Bourgogne amisi que dans les autres regions de la France et treize pays etrangers /
Mención de responsabilidad, etc. Hubert Clique ; preface de Leon Donarche.
260 ## - PUBLICACIÓN, DISTRIBUCIÓN, ETC.
Lugar de publicación, distribución, etc. París :
Nombre del editor, distribuidor, etc. [s.n.,
Fecha de publicación, distribución, etc. 1931] (
Lugar de fabricación/manufactura Tolouse :
Fabricante F. Boissean)
300 ## - DESCRIPCIÓN FÍSICA
Extensión IV, 315 p. ;
Dimensiones 25 cm.
700 1# - ENTRADA AGREGADA--NOMBRE PERSONAL
Nombre de persona Donarche, Leon.
9 (RLIN) 45290
852 ## - LOCALIZACIÓN
Ubicación ES-MaACL
Número de control de estantería A-3782
Holdings
Estatus retirado Estado de pérdida Estado de daño No para préstamo Biblioteca de origen Biblioteca actual Ubicación en estantería Fecha de adquisición Fuente de adquisición Total de préstamos Signatura topográfica completa Código de barras Visto por última vez Precio de reemplazo Tipo de ítem Koha
        Biblioteca del Ateneo de Madrid Biblioteca del Ateneo de Madrid Sala Pecera Planta 1 17/01/2008     A-3782 1047158 23/02/2023 23/02/2023 Libro impreso